Mémoires du Maréchal H. de Moltke (Record no. 159931)

MARC details
000 -LEADER
campo de control de longitud fija 00695nam a22001815i 4500
001 - NÚMERO DE CONTROL
campo de control 159931
003 - IDENTIFICADOR DE NÚMERO DE CONTROL
campo de control ES-MaACL
005 - FECHA Y HORA DE LA ÚLTIMA TRANSACCIÓN
campo de control 20251218063015.0
008 - DATOS DE LONGITUD FIJA--INFORMACIÓN GENERAL
campo de control de longitud fija 950206s1892 fr |||| | fre d
040 ## - FUENTE DE CATALOGACIÓN
Centro catalogador/agencia de origen CARM
Lengua de catalogación spa
Centro/agencia transcriptor CCPB | PA2
100 1# - ENTRADA PRINCIPAL--NOMBRE DE PERSONA
Nombre de persona Moltke, Helmuth Karl Bernhard Graf von,
Títulos y otros términos asociados al nombre Conde de,
Fechas asociadas al nombre 1800-1891
9 (RLIN) 130038
245 10 - MENCIÓN DEL TÍTULO
Título Mémoires du Maréchal H. de Moltke
Resto del título : lettres a sa mère et a ses frères Adolphe et Louis (1823-1888) /
Mención de responsabilidad, etc. par le Maréchal Comte de Moltke.
250 ## - MENCION DE EDICION
Mención de edición Ed. française
Resto de la mención de edición par E. Jaeglé.
260 ## - PUBLICACIÓN, DISTRIBUCIÓN, ETC.
Lugar de publicación, distribución, etc. Paris :
Nombre del editor, distribuidor, etc. Librairie H. Le Soudier,
Fecha de publicación, distribución, etc. 1892.
300 ## - DESCRIPCIÓN FÍSICA
Extensión 462 p. ;
Dimensiones 21 cm.
852 ## - LOCALIZACIÓN
Ubicación ES-MaACL
Número de control de estantería D-4532
Nota libre -- Enc. hol.
Holdings
Estatus retirado Estado de pérdida Estado de daño No para préstamo Colección Biblioteca de origen Biblioteca actual Ubicación en estantería Fecha de adquisición Fuente de adquisición Total de préstamos Signatura topográfica completa Código de barras Visto por última vez Precio de reemplazo Tipo de ítem Koha
        Libros del s. XIX Biblioteca del Ateneo de Madrid Biblioteca del Ateneo de Madrid Sala Valle Inclán 17/01/2008     D-4532 901167428 23/02/2023 23/02/2023 Libro impreso antiguo